• 首页
  • 本馆介绍
  • 公告通知
  • 最新文献
  • 馆藏检索
  • 电子资源
  • 读者导购
  • 参考咨询
  • 我的图书馆
  • 登录
  • 详细信息显示
  • 放入我的书架
  • 预约/预借图书
  • 作者相关作品
  • 分类相关作品
  • 丛书相关作品
  • 出版社相关作品

书目信息

  • 表格格式
  • 工作单格式
  • 卡片格式
题名:
中央广播电视大学外国文学讲授纲要
    
 
作者: ;北京师范大学中文系外国文学教研室 编
分册:  
出版信息: 北京   北京大学出版社  1983
页数: 264页
开本: 19cm
丛书名:
单 册:
中图分类: I1
科图分类:
主题词: 文学--外国--广播电视教育--教学参考资料
电子资源:
ISBN: 10209.36
000 00792nam0 2200229 450
001 0183007506
005 20100712220530.0
010    @a10209.36@dCNY0.80
091    @a10209.36
100    @a19950619d1983 em y0chiy0110 ea
101 0  @achi
102    @aCN@b110000
105    @ay z 000zy
106    @ar
200 1  @a中央广播电视大学外国文学讲授纲要@9Zhong Yang Guang;An Bo Dian Shi Da;Dai Xue Wai Guo Wen Xue Jiang Shou Gang Yao @f北京师范大学中文系外国文学教研室编
210    @a北京@c北京大学出版社@d1983
215    @a264页@d19cm
606 0  @a文学@y外国@x广播电视教育@x教学参考资料
690    @aI1@v3
711 02 @a北京师范大学中文系外国文学教研室@9bei jing shi fan da xue zhong wen xi wai guo wen xue jiao yan shi@4编
801  0 @aCN@bAzMarc@c20130904
905    @aBZT@dI1@e4@f1@sI1/4
    
    中央广播电视大学外国文学讲授纲要/北京师范大学中文系外国文学教研室编.-北京:北京大学出版社,1983
    264页;19cm
    
    
    ISBN 10209.36:CNY0.80
    
●
相关链接 在五车中查询图书 在当当中查询图书 在豆瓣中查询图书


正题名:中央广播电视大学外国文学讲授纲要     索取号:I1/4         预约/预借

序号 登录号 条形码 馆藏地/架位号 状态 备注
1 2000083208   2000083208   旧书回溯/ [索取号:I1/4] 在馆    
山东省滨州职业学院图书馆 欢迎您!
大连网信软件有限公司© 版权所有